000 00700nam a22001817a 4500
003 UA-OsUOA
001 13658
007 ta
008 20030611b un ||||| |||| 00| 0 ukr d
100 _aЧайка В.
942 _cSA
040 _aUA-OsUOA
_cUA-OsUOA
_dUA-OsUOA
245 _aЩоб місто стало привабливішим: [Розповідь міск. голови м.Рівне В.Чайки про те, що робить міська влада для поліпшення умов життя рівнян]
300 _aС.2
955 _a0
773 0 _w0
_tВісті Рівненщини
_dРівне
_d2003
_g№47/6 черв./
650 7 _aКраєзнавча робота
_2UDC
999 _c299819
_d299819